<?xml version="1.0" encoding="UTF-8"?>
<collection xmlns="http://www.loc.gov/MARC21/slim">
    <record>
        <controlfield tag="001">179012</controlfield>
        <controlfield tag="005">20160817111946.0</controlfield>
        <datafield tag="022" ind1=" " ind2=" ">
            <subfield code="a">1001-652X</subfield>
        </datafield>
        <datafield tag="022" ind1=" " ind2=" ">
            <subfield code="a">1006-9291</subfield>
        </datafield>
        <datafield tag="024" ind1="7" ind2=" ">
            <subfield code="2">ZDBID</subfield>
            <subfield code="a">PERI:(DE-600)740629-0</subfield>
        </datafield>
        <datafield tag="024" ind1="7" ind2=" ">
            <subfield code="2">ZDBPPN</subfield>
            <subfield code="a">ZDPPN:014015323</subfield>
        </datafield>
        <datafield tag="024" ind1="7" ind2=" ">
            <subfield code="2">OCLC</subfield>
            <subfield code="a">OCLC:643632977</subfield>
        </datafield>
        <datafield tag="024" ind1="7" ind2=" ">
            <subfield code="2">JCR</subfield>
            <subfield code="a">JCR:SCI CHINA SER B</subfield>
        </datafield>
        <datafield tag="024" ind1="7" ind2=" ">
            <subfield code="2">SCOPUS</subfield>
            <subfield code="a">SCOPUS:21534</subfield>
        </datafield>
        <datafield tag="024" ind1="7" ind2=" ">
            <subfield code="2">Medline</subfield>
            <subfield code="a">medline:8913082</subfield>
        </datafield>
        <datafield tag="024" ind1="7" ind2=" ">
            <subfield code="2">NCBISequence</subfield>
            <subfield code="a">NCBISequence:8913082</subfield>
        </datafield>
        <datafield tag="024" ind1="7" ind2=" ">
            <subfield code="2">ERA</subfield>
            <subfield code="a">ERA:1381</subfield>
        </datafield>
        <datafield tag="035" ind1=" " ind2=" ">
            <subfield code="a">PERI:(DE-600)740629-0</subfield>
        </datafield>
        <datafield tag="082" ind1=" " ind2=" ">
            <subfield code="a">540</subfield>
        </datafield>
        <datafield tag="210" ind1="0" ind2=" ">
            <subfield code="2">dnlm</subfield>
            <subfield code="a">Sci China B</subfield>
        </datafield>
        <datafield tag="210" ind1="0" ind2=" ">
            <subfield code="2">iso</subfield>
            <subfield code="a">Sci. China, Ser. B, Chem. Life Sci. Earth Sci.</subfield>
        </datafield>
        <datafield tag="210" ind1="0" ind2=" ">
            <subfield code="2">dnlm</subfield>
            <subfield code="a">Sci China B</subfield>
        </datafield>
        <datafield tag="210" ind1="0" ind2=" ">
            <subfield code="2">iso</subfield>
            <subfield code="a">Sci. China, Ser. B, Chem. Life Sci. Earth Sci.</subfield>
        </datafield>
        <datafield tag="245" ind1=" " ind2=" ">
            <subfield code="a">Science in China / B</subfield>
            <subfield code="h">print, online</subfield>
        </datafield>
        <datafield tag="246" ind1="3" ind2=" ">
            <subfield code="a">Science in China</subfield>
            <subfield code="c">Chinese Academy of Sciences, National Natural Science Foundation of China</subfield>
            <subfield code="n">Series B</subfield>
        </datafield>
        <datafield tag="246" ind1="3" ind2=" ">
            <subfield code="a">Science in China Series B: Chemistry</subfield>
        </datafield>
        <datafield tag="246" ind1="3" ind2=" ">
            <subfield code="a">Science in China</subfield>
        </datafield>
        <datafield tag="246" ind1="3" ind2=" ">
            <subfield code="a">Science in China / B</subfield>
        </datafield>
        <datafield tag="246" ind1="3" ind2="9">
            <subfield code="a">Science in China / B</subfield>
            <subfield code="h">print, online</subfield>
        </datafield>
        <datafield tag="260" ind1=" " ind2=" ">
            <subfield code="a">Beijing</subfield>
            <subfield code="b">Science in China Press</subfield>
        </datafield>
        <datafield tag="380" ind1=" " ind2=" ">
            <subfield code="2">marcgt</subfield>
            <subfield code="a">journal</subfield>
        </datafield>
        <datafield tag="500" ind1=" " ind2=" ">
            <subfield code="a">Automatically generated record. (Updated: 08/2016)</subfield>
        </datafield>
        <datafield tag="650" ind1=" " ind2="7">
            <subfield code="0">SWD:040098168</subfield>
            <subfield code="2">SWD</subfield>
            <subfield code="a">Chemie</subfield>
        </datafield>
        <datafield tag="650" ind1=" " ind2="7">
            <subfield code="0">ERA:03</subfield>
            <subfield code="2">ERA</subfield>
            <subfield code="a">Chemical Sciences</subfield>
        </datafield>
        <datafield tag="650" ind1=" " ind2="7">
            <subfield code="0">ASJC:2300</subfield>
            <subfield code="2">ASJC</subfield>
            <subfield code="a">Environmental Science(all)</subfield>
        </datafield>
        <datafield tag="650" ind1=" " ind2="7">
            <subfield code="0">ASJC:1900</subfield>
            <subfield code="2">ASJC</subfield>
            <subfield code="a">Earth and Planetary Sciences(all)</subfield>
        </datafield>
        <datafield tag="909" ind1="C" ind2="O">
            <subfield code="o">oai:juser.fz-juelich.de:274156</subfield>
            <subfield code="p">authority</subfield>
            <subfield code="p">authority:PERI</subfield>
        </datafield>
        <datafield tag="909" ind1="C" ind2="O">
            <subfield code="o">oai:juser.fz-juelich.de:274156</subfield>
        </datafield>
        <datafield tag="915" ind1=" " ind2=" ">
            <subfield code="0">StatID:(DE-HGF)0200</subfield>
            <subfield code="2">StatID</subfield>
            <subfield code="a">DBCoverage</subfield>
            <subfield code="b">SCOPUS</subfield>
        </datafield>
        <datafield tag="915" ind1=" " ind2=" ">
            <subfield code="0">StatID:(DE-HGF)0300</subfield>
            <subfield code="2">StatID</subfield>
            <subfield code="a">DBCoverage</subfield>
            <subfield code="b">Medline</subfield>
        </datafield>
        <datafield tag="915" ind1=" " ind2=" ">
            <subfield code="0">StatID:(DE-HGF)0310</subfield>
            <subfield code="2">StatID</subfield>
            <subfield code="a">DBCoverage</subfield>
            <subfield code="b">NCBI Molecular Biology Database</subfield>
        </datafield>
        <datafield tag="980" ind1=" " ind2=" ">
            <subfield code="a">PERI</subfield>
        </datafield>
        <datafield tag="980" ind1=" " ind2=" ">
            <subfield code="a">AUTHORITY</subfield>
        </datafield>
    </record>

    
</collection>